| 000 | 00466nam a2200145Ia 4500 | ||
|---|---|---|---|
| 003 | OSt | ||
| 005 | 20260202154346.0 | ||
| 008 | 211028s2019 xx 000 0 und d | ||
| 040 | _cAIMIT LIBRARY | ||
| 041 | _aeng | ||
| 100 |
_aLobo, Flavian Jason; Dias, Beena. _g1716062 _98041 |
||
| 245 | _aStudy on customers buying behaviour with relation to fertilizers of aspinwall and company Ltd Mangalore / | ||
| 260 |
_aMangalore _bT Ramesh Kamath _c2019 |
||
| 942 |
_2ddc _cPRO |
||
| 999 |
_c219609 _d219609 |
||